[Event "English Open 2025"]
[Site "Kenilworth ENG"]
[Date "2025.07.20"]
[Round "6.17"]
[White "Varley, Joe"]
[Black "Saunders, Aron"]
[Result "0-1"]
[WhiteElo "2023"]
[BlackElo "2135"]
[WhiteFideId "461962"]
[BlackFideId "469343"]
[EventDate "2025.07.18"]

1. e4 c6 2. d4 d5 3. e5 Bf5 4. Nd2 e6 5. Nb3 a6 6. Nf3 c5 7. dxc5 Bxc5 8. Nxc5
Qa5+ 9. c3 Qxc5 10. Be2 Nd7 11. O-O Ne7 12. Bf4 O-O 13. Re1 Nc6 14. Bd3 Bxd3 15.
Qxd3 h6 16. Rad1 b5 17. Qd2 Rfd8 18. Re3 Qc4 19. Nd4 Nf8 20. Rg3 Nxd4 21. cxd4
Rdc8 22. Bxh6 Ng6 23. h4 Qc2 24. h5 Qxd2 25. Rxd2 gxh6 26. hxg6 Kg7 27. gxf7+
Kxf7 28. Rdd3 Rg8 29. Rdf3+ Ke7 30. Kh2 Rxg3 31. Rxg3 Rc8 32. Rc3 Rc4 33. Rxc4
dxc4 34. Kg3 b4 35. Kf3 h5 36. g3 a5 37. Ke3 Kd7 38. f4 Kc6 39. Ke4 a4 40. d5+
exd5+ 41. Kd4 c3 42. bxc3 b3 43. axb3 a3 44. c4 a2 45. cxd5+ Kd7 46. Kc5 a1=Q
47. e6+ Ke7 0-1

[Event "English Open 2025"]
[Site "Kenilworth ENG"]
[Date "2025.07.20"]
[Round "6.18"]
[White "Richardson, John R"]
[Black "Martin, Lewis"]
[Result "1/2-1/2"]
[WhiteTitle "FM"]
[BlackTitle "FM"]
[WhiteElo "2270"]
[BlackElo "2038"]
[WhiteFideId "401617"]
[BlackFideId "410551"]
[EventDate "2025.07.18"]

1. e4 c6 2. d4 d5 3. e5 Bf5 4. h4 h5 5. Bd3 Bxd3 6. Qxd3 e6 7. Nf3 Qb6 8. Nbd2
Qa6 9. c4 Nh6 10. O-O Nf5 11. a4 Be7 12. b3 O-O 13. Ba3 Bxa3 14. Rxa3 Nd7 15.
Rc1 Rac8 16. Raa1 c5 17. dxc5 Nxc5 18. Qf1 Qb6 19. cxd5 exd5 20. Qb5 Rc6 21. b4
Ne4 22. Qxb6 Rxb6 23. b5 Nxd2 24. Nxd2 Nxh4 25. Rc5 Rg6 26. g3 Nf5 27. Rc7 Rb8
28. Rac1 h4 29. Rc8+ Rxc8 30. Rxc8+ Kh7 31. Rc7 hxg3 32. Rxf7 Nd4 33. fxg3 Rxg3+
34. Kf2 Ra3 35. Rxb7 Rxa4 36. Rd7 Nxb5 37. e6 Kg6 38. Rxd5 Nc7 39. e7 Kf7 40.
Re5 Ra6 41. Ne4 Ke8 42. Ng5 Rd6 43. Ra5 a6 44. Rc5 Rd7 45. Kf3 Rxe7 46. Rc6 Kd7
47. Rb6 Re3+ 48. Kg4 a5 49. Kf5 a4 50. Ne4 a3 51. Rg6 a2 52. Rxg7+ Kc6 53. Rg1
Kd5 54. Ra1 Rf3+ 55. Kg4 Kxe4 56. Rxa2 Rf4+ 57. Kg3 Rf3+ 1/2-1/2

[Event "English Open 2025"]
[Site "Kenilworth ENG"]
[Date "2025.07.20"]
[Round "6.19"]
[White "Pick, Freddie"]
[Black "Hanache, Kai"]
[Result "1/2-1/2"]
[WhiteElo "1934"]
[BlackElo "2108"]
[WhiteFideId "343454097"]
[BlackFideId "490105"]
[EventDate "2025.07.18"]

1. e4 c5 2. Nf3 d6 3. d4 cxd4 4. Nxd4 Nf6 5. Nc3 Nc6 6. Bg5 e6 7. Qd2 a6 8.
O-O-O Bd7 9. f4 Be7 10. Nf3 b5 11. Bxf6 gxf6 12. f5 Qb6 13. Kb1 O-O-O 14. g3 Kb8
15. Bh3 Na5 16. fxe6 fxe6 17. Rhe1 Nc4 18. Qh6 b4 19. Ne2 e5 20. Nc1 a5 21. Rd3
a4 22. Nd2 Na5 23. Bxd7 Rxd7 24. Qe3 Qxe3 25. Rexe3 d5 26. Rxd5 Rxd5 27. exd5
Rd8 28. g4 Rxd5 29. Nf3 Rd1 30. Re1 Rd5 31. Nd3 b3 32. Re4 a3 33. bxa3 bxc2+ 34.
Kxc2 Bxa3 35. g5 fxg5 36. Rxe5 Rxe5 37. Ndxe5 Bd6 38. h3 1/2-1/2

[Event "English Open 2025"]
[Site "Kenilworth ENG"]
[Date "2025.07.20"]
[Round "6.20"]
[White "Marsden, Samuel"]
[Black "Verma, Shlok"]
[Result "1/2-1/2"]
[WhiteElo "2065"]
[BlackElo "2169"]
[WhiteFideId "343452841"]
[BlackFideId "441228"]
[EventDate "2025.07.18"]

1. e4 e6 2. d4 d5 3. exd5 exd5 4. Nf3 Bd6 5. Bd3 Ne7 6. Bg5 f6 7. Bh4 O-O 8. Bg3
Re8 9. O-O Bxg3 10. hxg3 Bf5 11. Re1 Nbc6 12. c3 Qd7 13. Na3 a6 14. Nc2 Rad8 15.
Ne3 Bxd3 16. Qxd3 Nc8 17. b4 N6e7 18. Nd2 Nd6 19. a4 Qc6 20. Reb1 Ne4 21. Nxd5
Nxd5 22. Nxe4 b6 23. Rc1 Nxb4 24. cxb4 Qxe4 25. Qxa6 Rxd4 26. Rxc7 Rxb4 27. Qb7
Rb1+ 28. Rxb1 Qxb1+ 29. Kh2 Qg6 30. Re7 1/2-1/2

[Event "English Open 2025"]
[Site "Kenilworth ENG"]
[Date "2025.07.20"]
[Round "6.21"]
[White "Verma, Aditya"]
[Black "Burrows, Martin P"]
[Result "1/2-1/2"]
[WhiteElo "2092"]
[BlackElo "2057"]
[WhiteFideId "426202"]
[BlackFideId "409057"]
[EventDate "2025.07.18"]

1. e4 c5 2. Nf3 d6 3. Bb5+ Nd7 4. O-O Nf6 5. Re1 a6 6. Bf1 b6 7. d4 cxd4 8. Nxd4
Bb7 9. f3 e6 10. c4 Be7 11. Nc3 Rc8 12. Be3 O-O 13. Qd2 Qc7 14. Rac1 Qb8 15.
Red1 Bd8 16. Kh1 Bc7 17. Bg1 Rfe8 18. Nc2 Kh8 19. b4 Rg8 20. Ne3 g5 21. h3 Ne5
22. Bh2 Nfd7 23. Qd4 Rg7 24. Ne2 h5 25. Ng3 Rh7 26. Ngf5 exf5 27. Nxf5 f6 28.
Nxd6 Bxd6 29. Qxd6 Qxd6 30. Rxd6 b5 31. c5 Bc6 32. a4 Rf7 33. axb5 axb5 34. Ra1
Rff8 35. Ra6 Nb8 36. Ra5 Nc4 37. Bxc4 bxc4 38. Rd4 Be8 39. Bxb8 Rxb8 40. Rxc4
Bb5 41. Rd4 Rf7 42. Ra1 h4 43. Rad1 Kg7 44. Kg1 Rfb7 45. Kf2 Be8 46. Rb1 Ra7 47.
Rb2 Kf7 48. f4 Ra3 49. e5 fxe5 50. fxe5 Ke6 51. Re2 Rb3 52. c6 Rc8 53. Rc2 Rxc6
54. Rxc6+ Bxc6 55. Rd6+ Kxe5 56. Rxc6 Rxb4 1/2-1/2

[Event "English Open 2025"]
[Site "Kenilworth ENG"]
[Date "2025.07.20"]
[Round "6.22"]
[White "Villiers, Thomas"]
[Black "Sefton, Adam"]
[Result "1-0"]
[WhiteTitle "CM"]
[WhiteElo "2158"]
[BlackElo "2047"]
[WhiteFideId "427209"]
[BlackFideId "343400965"]
[EventDate "2025.07.18"]

1. e4 e6 2. d4 d5 3. Nc3 Nf6 4. Bg5 Bb4 5. Ne2 dxe4 6. a3 Be7 7. Bxf6 Bxf6 8.
Nxe4 Be7 9. N2c3 Nd7 10. d5 exd5 11. Nxd5 O-O 12. Be2 Nf6 13. Nxe7+ Qxe7 14. Nc3
Rd8 15. Qc1 Nd5 16. Nxd5 Rxd5 17. O-O c6 18. Bf3 Re5 19. Qd2 Bf5 20. Rad1 Re8
21. c4 Be4 22. Bxe4 Rxe4 23. Qd7 g6 24. b3 Re2 25. Rd3 Qxa3 26. Qxb7 Qc1 27. g3
Re1 28. Rxe1 Rxe1+ 29. Kg2 Rg1+ 30. Kf3 Qg5 31. Qc8+ Kg7 32. Qg4 Qf6+ 33. Qf4
Rb1 34. Qxf6+ Kxf6 35. Ke4 Ke6 36. Kd4 Kd6 37. c5+ Ke6 38. Kc3 Rc1+ 39. Kb4 a5+
40. Kxa5 Rxc5+ 41. Kb6 Rc2 42. h4 h5 43. b4 Rb2 44. Rd4 Rc2 45. Rf4 f5 46. Kc7
Kd5 47. Kd7 c5 48. bxc5 Rxc5 49. Ke7 Rc6 50. Kf7 Ke5 51. Rf3 Rf6+ 52. Kg7 Ra6
53. Re3+ Kd4 54. Re2 Kd3 55. Re5 Kd4 56. f4 Rb6 57. Kf7 Rb3 58. Kxg6 Rxg3+ 59.
Kxh5 Rg4 60. Rxf5 Rg1 61. Rg5 Rf1 62. Kg6 Rxf4 63. h5 Rf8 64. h6 Rg8+ 65. Kf6 1-0

[Event "English Open 2025"]
[Site "Kenilworth ENG"]
[Date "2025.07.20"]
[Round "6.23"]
[White "Manley, Jon P"]
[Black "Clarke, James"]
[Result "1-0"]
[WhiteElo "2096"]
[BlackElo "1941"]
[WhiteFideId "403296"]
[BlackFideId "463140"]
[EventDate "2025.07.18"]

1. e4 c5 2. Nf3 d6 3. Bb5+ Nd7 4. a4 Nf6 5. Nc3 a6 6. Be2 e6 7. O-O Be7 8. a5
O-O 9. d4 cxd4 10. Nxd4 Qc7 11. Be3 Ne5 12. Nb3 Nc4 13. Bxc4 Qxc4 14. Ra4 Qc7
15. Qe2 Bd7 16. Rc4 Qb8 17. Rd1 Rc8 18. Rxc8+ Qxc8 19. Bf4 Ne8 20. Qd3 Qc6 21.
e5 d5 22. Nd4 Qc7 23. Nf5 Bb4 24. Qg3 Bxc3 25. bxc3 Bb5 26. Nd4 Qxa5 27. h4 Rc8
28. Bd2 Qd8 29. h5 Bd7 30. h6 g6 31. Bg5 Qc7 32. Rd3 f5 33. Re3 a5 34. Qh4 a4
35. Be7 Kf7 36. Nf3 Qc4 37. Nd4 Qc7 38. g4 Bc6 39. gxf5 exf5 40. Ba3 Qd8 41. e6+
Kg8 42. Be7 Qb6 43. Rg3 a3 44. Qh5 Ng7 45. Rxg6 Kh8 46. Rxg7 a2 47. Rxh7+ Kxh7
48. Qf7+ Kxh6 49. Nxf5# 1-0

[Event "English Open 2025"]
[Site "Kenilworth ENG"]
[Date "2025.07.20"]
[Round "6.24"]
[White "Fellowes, Billy"]
[Black "Byron, Alan M"]
[Result "1-0"]
[WhiteTitle "CM"]
[WhiteElo "2193"]
[BlackElo "2040"]
[WhiteFideId "483540"]
[BlackFideId "401773"]
[EventDate "2025.07.18"]

1. e4 c6 2. d4 d5 3. e5 Bf5 4. h4 h5 5. Bg5 Qb6 6. Bd3 Qxd4 7. Nf3 Qg4 8. Bxf5
Qxf5 9. O-O e6 10. c4 Be7 11. cxd5 exd5 12. Re1 Na6 13. e6 f6 14. Be3 Bc5 15.
Qb3 O-O-O 16. Bxc5 Nxc5 17. Qa3 Nxe6 18. Qxa7 Nh6 19. Nc3 Nc7 20. Nd4 Qf4 21.
Na4 Na6 22. Nb6+ 1-0

[Event "English Open 2025"]
[Site "Kenilworth ENG"]
[Date "2025.07.20"]
[Round "6.25"]
[White "Liu, Tianyi (Jack)"]
[Black "Welling, Zac"]
[Result "1-0"]
[WhiteElo "2111"]
[BlackElo "1966"]
[WhiteFideId "8627894"]
[BlackFideId "343414729"]
[EventDate "2025.07.18"]

1. e4 c6 2. d4 d5 3. e5 Bf5 4. Nf3 e6 5. Be2 Nd7 6. O-O Bg6 7. Nbd2 Nh6 8. Nb3
Nf5 9. a4 Be7 10. a5 a6 11. c3 O-O 12. g4 Nh4 13. Nxh4 Bxh4 14. f4 h6 15. Be3
Bh7 16. Nd2 f5 17. h3 Be7 18. b4 g5 19. Kh2 Kh8 20. Nb3 Rb8 21. Qd2 Rg8 22. Rg1
Rg7 23. Rg2 gxf4 24. Bxf4 Bg5 25. gxf5 Bxf5 26. Rag1 Bxf4+ 27. Qxf4 Rxg2+ 28.
Rxg2 Qf8 29. Qh4 Kh7 30. Nc1 Re8 31. Nd3 Re7 32. Nf4 Rg7 33. Rxg7+ Kxg7 34. Bg4
Qf7 35. Bh5 Qf8 36. Bg4 Qf7 37. Qh5 Qf8 38. Bxf5 Qxf5 39. Qxf5 exf5 40. Ne6+ Kg6
41. Nc5 Nf8 42. Kg3 Kg5 43. h4+ Kh5 44. e6 Ng6 45. Nd3 Nxh4 46. e7 f4+ 47. Nxf4+
Kg5 48. e8=Q Nf5+ 49. Kf3 Nh4+ 50. Kf2 Kxf4 51. Qe5+ Kg4 52. Qg3+ Kh5 53. Qb8
Kg4 54. Qxb7 h5 55. Qg7+ Kf5 56. Qf7+ Kg5 57. Qe7+ Kg4 58. Qe6+ Kf4 59. Qe5+ Kg4
60. Qg3+ Kf5 61. Qxh4 1-0

[Event "English Open 2025"]
[Site "Kenilworth ENG"]
[Date "2025.07.20"]
[Round "6.26"]
[White "Patel, Keatan"]
[Black "Verbytski, Oleg"]
[Result "1-0"]
[WhiteElo "1990"]
[BlackElo "1998"]
[WhiteFideId "477613"]
[BlackFideId "495506"]
[EventDate "2025.07.18"]

1. e4 c5 2. Nf3 d6 3. Nc3 a6 4. g3 Nf6 5. Bg2 g6 6. d3 Bg7 7. a4 O-O 8. O-O Nc6
9. Ne2 Bd7 10. h3 Qc8 11. Kh2 Nd8 12. Nd2 Bc6 13. f4 b5 14. g4 e5 15. f5 Re8 16.
Qe1 d5 17. g5 Nd7 18. exd5 Bb7 19. fxg6 fxg6 20. Ne4 Qc7 21. c4 bxc4 22. dxc4
Nf7 23. N2c3 Rf8 24. Be3 Rae8 25. Qd2 Nd6 26. Nxd6 Qxd6 27. Ne4 Qc7 28. Rxf8+
Rxf8 29. Rf1 Rf5 30. b4 cxb4 31. Qxb4 Bf8 32. Qb3 Bc8 33. d6 Qb8 34. Qxb8 Nxb8
35. Nf6+ Kf7 36. Bd5+ Be6 37. d7 Be7 38. Rb1 Nxd7 39. Nxd7 Bxd5 40. cxd5 e4 41.
Rd1 Bd6+ 42. Kg2 Ke7 43. Nb6 Rf3 44. Bf2 Bf4 45. d6+ Kd8 46. d7 Rb3 47. Nc4 Bc7
48. Be1 e3 49. Ba5 Bxa5 50. Nxa5 Rb6 51. Kf3 h6 52. gxh6 g5 53. h7 g4+ 54. Kg3
Rh6 55. Nb7+ Kc7 56. d8=Q+ Kxb7 57. Rb1+ Kc6 58. Qb6+ Kd5 59. Qxh6 Ke5 60. Qf4+
Kd5 61. h8=Q e2 62. Qhe5+ 1-0

[Event "English Open 2025"]
[Site "Kenilworth ENG"]
[Date "2025.07.20"]
[Round "6.27"]
[White "Okhai, Shabir"]
[Black "Vaddhireddy, Sai"]
[Result "1/2-1/2"]
[WhiteElo "2089"]
[BlackElo "1946"]
[WhiteFideId "445134"]
[BlackFideId "499560"]
[EventDate "2025.07.18"]

1. e4 c6 2. d4 d5 3. Nc3 dxe4 4. Nxe4 Nf6 5. Nxf6+ exf6 6. c3 Bd6 7. Bd3 O-O 8.
Ne2 Re8 9. O-O Nd7 10. Ng3 g6 11. Bh6 Nf8 12. Qd2 Ne6 13. Ne4 Be7 14. Bc4 f5 15.
Bxe6 Bxe6 16. Ng5 Bf6 17. Rfe1 Qd7 18. Nxe6 Rxe6 19. Rxe6 Qxe6 20. b3 Re8 21.
Kf1 Qd5 22. Re1 Re6 23. Qf4 Rxe1+ 24. Kxe1 Qe4+ 25. Kd2 Qxf4+ 26. Bxf4 Kf8 27.
Kd3 Ke7 28. Bb8 a6 29. Kc4 Kd7 30. f3 h5 31. h3 Be7 32. d5 b5+ 33. Kd4 Bf6+ 34.
Kc5 cxd5 35. Kxd5 Bxc3 36. Bd6 Be1 37. Be5 Bb4 38. a4 Be7 39. axb5 axb5 40. Bf4
Bf8 41. Be5 Bb4 42. Bf4 Be7 43. Be3 Bd6 44. Bc5 Bc7 45. Bd4 Bd6 46. Bb6 Bb4 47.
Bc5 Bd2 48. Ba3 Be3 49. Bb4 Bb6 50. Bf8 Be3 51. Bc5 Bd2 52. Bd4 Bb4 53. Be3 Bd6
54. Bc5 Bc7 1/2-1/2

[Event "English Open 2025"]
[Site "Kenilworth ENG"]
[Date "2025.07.20"]
[Round "6.28"]
[White "Mesropyan, Hayk"]
[Black "James, Russell A"]
[Result "1/2-1/2"]
[WhiteElo "1892"]
[BlackElo "2097"]
[WhiteFideId "499455"]
[BlackFideId "407070"]
[EventDate "2025.07.18"]

1. e4 c5 2. Nf3 e6 3. d4 cxd4 4. Nxd4 Nf6 5. Nc3 Nc6 6. Ndb5 d6 7. Bf4 e5 8. Bg5
a6 9. Na3 b5 10. Nd5 Be7 11. Bxf6 Bxf6 12. c3 Bg5 13. g3 O-O 14. Nc2 Rb8 15. Bg2
a5 16. h4 Bh6 17. O-O b4 18. Qd3 Be6 19. Rfd1 bxc3 20. bxc3 g6 21. Qa6 Bxd5 22.
Rxd5 Rb6 23. Qd3 Qb8 24. Na3 Ne7 25. Rxa5 Rc6 26. Rb5 Qa7 27. Rb3 Ra8 28. Nc2
Qc5 29. Nb4 Rcc8 30. Rd1 Rd8 31. Rdb1 Rdc8 32. Bh3 Rd8 33. Bg2 Rdc8 34. Bf3 Rd8
35. Kg2 Rdc8 36. h5 Bg5 37. hxg6 hxg6 38. Ra1 Kg7 39. Rh1 Rh8 40. Rxh8 Rxh8 41.
a4 Ra8 42. Qb5 Ra5 43. Qe8 Qc8 44. Qxc8 Nxc8 45. Bg4 Ne7 46. Bd7 f5 47. f3 Bd2
48. Bb5 Ra7 49. c4 fxe4 50. fxe4 Be1 51. Na6 Ba5 52. Rd3 Nc8 53. Nb8 Rc7 54. Nc6
Bb6 55. a5 Bc5 56. Nd8 Kf6 57. Rf3+ Ke7 58. Nc6+ Ke6 59. g4 Na7 60. Nd8+ Ke7 61.
Nf7 Rc8 62. Ng5 Rf8 63. Rxf8 Kxf8 64. Ne6+ Ke7 65. Nxc5 dxc5 66. g5 Kd8 67. Kf3
Nc8 68. Ke3 Nd6 69. Kd3 Kc7 70. a6 Kb6 71. a7 Kxa7 72. Bc6 Nf7 73. Be8 Nxg5 74.
Bxg6 Kb6 75. Be8 Ka5 76. Bc6 Kb4 77. Bd5 Nh3 78. Kc2 Ng1 79. Bg8 Nf3 80. Bf7
Nd4+ 81. Kb2 Nc6 82. Kc2 Na5 83. Kd3 Nb3 84. Kc2 Nd4+ 85. Kb2 Ne2 86. Kc2 Nf4
87. Kb2 Nh3 88. Kc2 Ng5 89. Bd5 Nh7 90. Bf7 Nf6 91. Bd5 Ng4 92. Bf7 Ne3+ 93. Kd3
Nd1 94. Kc2 Nc3 95. Bd5 Ne2 96. Bf7 Nd4+ 97. Kb2 Nc6 98. Kc2 Na5 99. Kd3 Kb3
100. Bd5 Kb2 101. Kd2 Nb3+ 102. Kd3 Na1 103. Bf7 Nc2 104. Kd2 Na3 105. Kd3 Nb1
106. Bd5 Nc3 107. Kd2 Na2 108. Bf7 Kb3 109. Kd3 1/2-1/2

[Event "English Open 2025"]
[Site "Kenilworth ENG"]
[Date "2025.07.20"]
[Round "6.29"]
[White "Yu, Rock"]
[Black "Keerthi Kumar, Advait"]
[Result "1-0"]
[WhiteElo "2099"]
[BlackElo "1873"]
[WhiteFideId "489000"]
[BlackFideId "498033"]
[EventDate "2025.07.18"]

1. e4 Nf6 2. e5 Nd5 3. d4 d6 4. c4 Nb6 5. f4 g6 6. Nc3 Bg7 7. Nf3 Be6 8. d5 Bg4
9. Qe2 Bxf3 10. gxf3 O-O 11. Bh3 c6 12. Be3 cxd5 13. Bxb6 Qxb6 14. Nxd5 Qa5+ 15.
Qd2 Qd8 16. e6 Kh8 17. exf7 Rxf7 18. Be6 Rf8 19. h4 Nc6 20. h5 Nd4 21. hxg6
Nxf3+ 22. Ke2 h6 23. Kxf3 Qe8 24. Rxh6+ Bxh6 25. Qc3+ Rf6 26. Nxf6 Qxg6 27. Ng4+
Qg7 28. Nxh6 Qxc3+ 29. bxc3 Kg7 30. Ng4 a6 31. Bd5 Rc8 32. Re1 Rc7 33. f5 b5 34.
Rxe7+ Rxe7 35. f6+ Kf8 36. fxe7+ Kxe7 37. cxb5 axb5 38. Bc6 Kd8 39. Bxb5 Kc7 40.
a4 Kb6 41. Ke4 Kc5 42. Ne3 Kb6 43. Kd5 1-0

[Event "English Open 2025"]
[Site "Kenilworth ENG"]
[Date "2025.07.20"]
[Round "6.30"]
[White "Bevis, Noah"]
[Black "Sasikumar, Srivathsan"]
[Result "1/2-1/2"]
[WhiteElo "1934"]
[BlackElo "2038"]
[WhiteFideId "343434630"]
[BlackFideId "343401279"]
[EventDate "2025.07.18"]

1. d4 Nf6 2. Bf4 d5 3. e3 Bf5 4. c4 e6 5. Nc3 c6 6. Qb3 b6 7. cxd5 exd5 8. Nf3
Bd6 9. Bg3 O-O 10. Be2 Re8 11. O-O Bxg3 12. hxg3 Nbd7 13. Nh2 Qc7 14. Rac1 Qd6
15. Qd1 b5 16. Bd3 Bxd3 17. Qxd3 a5 18. Qe2 Re6 19. f4 Rae8 20. Rf3 Ne4 21. Nxe4
Rxe4 22. Qd2 a4 23. Ng4 f5 24. Ne5 Nxe5 25. fxe5 Qg6 26. Qf2 Rg4 27. Rf1 h5 28.
Rxf5 Rxg3 29. Rf3 Rg4 30. Rf4 Rxf4 31. exf4 Qf5 32. Rc1 Re6 33. a3 Rg6 34. Rc3
Rg4 35. Rf3 h4 36. Kh2 g6 37. Qd2 Kg7 38. Qc1 Qe4 39. Qd2 Kh7 40. Kh3 Qf5 41.
Kh2 Kg7 42. Qc1 Qe4 43. Qd2 1/2-1/2

[Event "English Open 2025"]
[Site "Kenilworth ENG"]
[Date "2025.07.20"]
[Round "6.31"]
[White "Sachdeva, Ronit"]
[Black "Collins, Jonathan"]
[Result "1-0"]
[WhiteElo "2060"]
[BlackElo "1869"]
[WhiteFideId "343401589"]
[BlackFideId "438456"]
[EventDate "2025.07.18"]

1. e4 Nc6 2. d4 e5 3. d5 Nce7 4. h4 h5 5. Bd3 Ng6 6. Bg5 Nf6 7. Ne2 Bc5 8. Nd2
a6 9. Nb3 Ba7 10. Qd2 d6 11. f3 c5 12. c4 Qc7 13. Bxf6 gxf6 14. O-O-O b5 15. g4
bxc4 16. Bxc4 hxg4 17. h5 Nf8 18. fxg4 Bxg4 19. Rdg1 Rxh5 20. Rxh5 Bxh5 21. Nc3
Ke7 22. Rg8 Rb8 23. Qh6 Bg6 24. Nd2 Nd7 25. Rg7 Nf8 26. Nf3 Qd7 27. Qh4 Qb7 28.
b3 Qb4 29. Kc2 Nd7 30. Qh6 Kd8 31. Nh4 Kc7 32. Nxg6 fxg6 33. Qh7 Rd8 34. Bxa6 c4
35. Bb5 cxb3+ 36. axb3 Bd4 37. Rxd7+ Rxd7 38. Qxd7+ Kb8 39. Qd8+ Kb7 40. Bc6+
Ka6 41. Qc8+ Ka5 42. Qa8+ Kb6 43. Nb5 Qc5+ 44. Kd3 1-0

[Event "English Open 2025"]
[Site "Kenilworth ENG"]
[Date "2025.07.20"]
[Round "6.32"]
[White "Mason, Donald J"]
[Black "Gibson, Christopher A"]
[Result "1-0"]
[WhiteElo "2011"]
[BlackElo "1837"]
[WhiteFideId "405116"]
[BlackFideId "414697"]
[EventDate "2025.07.18"]

1. d4 d5 2. Nf3 Nf6 3. c4 dxc4 4. e3 e6 5. Bxc4 a6 6. O-O c5 7. e4 b5 8. Bd3
cxd4 9. e5 Nd5 10. a4 b4 11. Nbd2 Be7 12. Nb3 O-O 13. Nfxd4 Bb7 14. Qg4 g6 15.
Bh6 Re8 16. Rac1 Qb6 17. a5 Qd8 18. Nxe6 Ne3 19. fxe3 Qxd3 20. Nbc5 Bxc5 21.
Nxc5 Qb5 22. Qf4 f5 23. exf6 1-0

[Event "English Open 2025"]
[Site "Kenilworth ENG"]
[Date "2025.07.20"]
[Round "6.33"]
[White "Gunarathne, Senith Thenula"]
[Black "Schell, Finn"]
[Result "1-0"]
[WhiteElo "1876"]
[BlackElo "1995"]
[WhiteFideId "343104324"]
[BlackFideId "343406378"]
[EventDate "2025.07.18"]

1. e4 c6 2. d4 d5 3. exd5 cxd5 4. Bd3 Nc6 5. c3 Nf6 6. Bf4 Bg4 7. Qb3 Qd7 8. Nd2
e6 9. Ngf3 Bd6 10. Bxd6 Qxd6 11. O-O O-O 12. Rae1 Ne7 13. Ne5 Bf5 14. Bxf5 Nxf5
15. f4 b5 16. Qd1 b4 17. g4 bxc3 18. bxc3 Ne7 19. g5 Nd7 20. Qh5 Ng6 21. Re3
Rfc8 22. Rh3 Ndf8 23. Nxg6 fxg6 24. Qg4 Qb6 25. Nb3 Rc6 26. Re3 Rac8 27. Nc5
Rxc5 28. dxc5 Rxc5 29. Kh1 Rc4 30. Rfe1 Kf7 31. Qf3 Qd6 32. Re5 Qc5 33. R1e3 Qa5
34. a3 Qa4 35. Kg2 Rxf4 36. Qxf4+ Qxf4 37. Rf3 Qf5 38. Re2 Nd7 39. Rb2 Nb6 40.
Rb5 Ke7 41. Rxf5 gxf5 42. Ra5 Nc8 43. Kg3 Kd6 44. Ra6+ Ke5 45. Rc6 Nd6 46. Rc7
Nb5 47. Rxg7 Nxa3 48. Rxh7 Nb5 49. Rf7 Nxc3 50. g6 Ne4+ 51. Kg2 Nd6 52. Rf8 1-0

[Event "English Open 2025"]
[Site "Kenilworth ENG"]
[Date "2025.07.20"]
[Round "6.34"]
[White "Rughani, Mahin"]
[Black "Hertog, Alexander"]
[Result "1-0"]
[WhiteElo "1854"]
[BlackElo "1950"]
[WhiteFideId "343417060"]
[BlackFideId "488453"]
[EventDate "2025.07.18"]

1. d4 Nf6 2. c4 e6 3. Nf3 Bb4+ 4. Bd2 a5 5. g3 b6 6. Bg2 Bb7 7. O-O O-O 8. Bf4
Be7 9. Nc3 d5 10. Qc2 Na6 11. a3 dxc4 12. Rfd1 Nd5 13. Ne5 Nxc3 14. Bxb7 Nxd1
15. Rxd1 b5 16. d5 Bd6 17. dxe6 fxe6 18. Be4 Qf6 19. Bxh7+ Kh8 20. Ng6+ Kxh7 21.
Nxf8+ Kg8 22. Qh7+ Kxf8 23. Qh8+ Kf7 24. Qxa8 e5 25. Be3 b4 26. Qxa6 c3 27. bxc3
bxc3 28. Qc4+ Kf8 29. Qxc3 1-0

[Event "English Open 2025"]
[Site "Kenilworth ENG"]
[Date "2025.07.20"]
[Round "6.35"]
[White "Watson, Jacob"]
[Black "Shivakumar, Akshath"]
[Result "1/2-1/2"]
[WhiteElo "1918"]
[BlackElo "1822"]
[WhiteFideId "445037"]
[BlackFideId "499765"]
[EventDate "2025.07.18"]

1. d4 d5 2. Nf3 e6 3. g3 c6 4. Bg2 f5 5. O-O Nf6 6. c4 Bd6 7. Nc3 O-O 8. Qc2 Ne4
9. Rb1 a5 10. a3 Na6 11. c5 Be7 12. Na4 g5 13. Ne5 h6 14. Nb6 Ra7 15. b4 axb4
16. axb4 Nc7 17. f3 Nf6 18. g4 Nd7 19. Ng6 Re8 20. Nxc8 Qxc8 21. gxf5 Bf6 22.
Bb2 Ra2 23. e3 exf5 24. Qxf5 Rxe3 25. Ne5 Bxe5 26. dxe5 Qe8 27. Rf2 Nxe5 28. Bd4
Rxf2 29. Kxf2 Nd3+ 30. Kg3 Qh5 31. Qg4 Qxg4+ 32. Kxg4 Re7 33. Bf1 Nf4 34. Rd1
Kh7 35. h4 Nce6 36. hxg5 Nxd4 37. Rxd4 Ne6 38. Rd2 Nxg5 39. Bd3+ Kg7 40. Bf5 Kf6
41. Rh2 Nxf3 42. Rxh6+ Ke5 43. Kxf3 Kxf5 44. Rh5+ Kf6 45. b5 Kg6 46. Rh8 cxb5
47. Rd8 Re5 48. Kf4 Re4+ 49. Kf3 Rd4 50. Ke3 Rc4 51. Rxd5 b4 52. Rd7 Rxc5 53.
Rxb7 Rc4 1/2-1/2

[Event "English Open 2025"]
[Site "Kenilworth ENG"]
[Date "2025.07.20"]
[Round "6.36"]
[White "Alldritt, Nigel R E"]
[Black "Rastogi, Nayan Keats"]
[Result "1/2-1/2"]
[WhiteElo "1918"]
[BlackElo "1891"]
[WhiteFideId "404543"]
[BlackFideId "343407579"]
[EventDate "2025.07.18"]

1. d4 Nf6 2. c4 e6 3. g3 d5 4. Nf3 dxc4 5. Bg2 a6 6. O-O Nc6 7. e3 Bd7 8. a4 Rb8
9. Nfd2 b5 10. axb5 axb5 11. b3 cxb3 12. Nxb3 Bd6 13. Bb2 O-O 14. Qe2 Qe7 15.
Rc1 Qe8 16. f4 Nd5 17. Nc5 f5 18. Nd2 Nce7 1/2-1/2

[Event "English Open 2025"]
[Site "Kenilworth ENG"]
[Date "2025.07.20"]
[Round "6.37"]
[White "Bolt, Graham"]
[Black "Myall, Ivan J"]
[Result "0-1"]
[WhiteElo "1942"]
[BlackElo "1948"]
[WhiteFideId "410438"]
[BlackFideId "425168"]
[EventDate "2025.07.18"]

1. Nf3 d5 2. g3 Nf6 3. Bg2 c6 4. O-O Bf5 5. c4 e6 6. b3 Nbd7 7. Nc3 h6 8. Bb2
Be7 9. d3 O-O 10. Re1 Bh7 11. Rc1 a5 12. d4 Bb4 13. a3 Bxc3 14. Bxc3 Ne4 15. Bb2
Ndf6 16. Nd2 Nxf2 17. Kxf2 Ng4+ 18. Kf3 Qf6+ 19. Kxg4 Qf5+ 20. Kh4 Qg5+ 21. Kh3
Bf5+ 22. g4 Qxg4# 0-1

[Event "English Open 2025"]
[Site "Kenilworth ENG"]
[Date "2025.07.20"]
[Round "6.38"]
[White "Kendall, Arthur"]
[Black "De Coverly, Roger D"]
[Result "0-1"]
[WhiteElo "1883"]
[BlackElo "1956"]
[WhiteFideId "343410960"]
[BlackFideId "405213"]
[EventDate "2025.07.18"]

1. d4 Nf6 2. c4 g6 3. Nc3 Bg7 4. e4 d6 5. Nf3 O-O 6. Be2 e5 7. O-O exd4 8. Nxd4
Re8 9. f3 Nc6 10. Be3 Nh5 11. Qd2 Nf4 12. g3 Nxe2+ 13. Ndxe2 Bh3 14. Rf2 Be6 15.
b3 a6 16. Rc1 Rb8 17. Nf4 Bd7 18. a4 Ne5 19. Ncd5 f5 20. Nd3 Nxf3+ 21. Rxf3 fxe4
22. Bg5 Qc8 23. Nf6+ Bxf6 24. Rxf6 exd3 25. Bh6 Bf5 26. Rf1 Qd7 27. Qg5 Kh8 28.
g4 Rg8 29. R6xf5 gxf5 30. Qf6+ Rg7 31. Rxf5 Rg8 32. Bxg7+ Qxg7 33. Qxg7+ Rxg7
34. Rf8+ Rg8 35. Rxg8+ Kxg8 36. Kf2 Kg7 37. Ke3 Kg6 38. h4 Kf6 39. Kxd3 Ke5 40.
Ke3 a5 41. Kf3 c6 42. h5 Kf6 43. Kf4 h6 44. g5+ hxg5+ 45. Kg4 d5 46. c5 d4 47.
Kf3 Kf5 48. Ke2 g4 49. Kf2 d3 50. Ke3 g3 0-1